Rubaiyat-E-Baba Tahir (Record no. 4174)

MARC details
000 -LEADER
fixed length control field 00613nam a2200241 a 4500
020 ## - INTERNATIONAL STANDARD BOOK NUMBER
ISBN
082 00 - DEWEY DECIMAL CLASSIFICATION NUMBER
Classification number 891.41
Author Cutter AHM1
100 ## - MAIN ENTRY--AUTHOR NAME
Author name Ahmed, Malik Nazeer
245 ## - TITLE STATEMENT
Title Rubaiyat-E-Baba Tahir
260 ## - PUBLICATION, DISTRIBUTION, ETC. (IMPRINT)
Place of publication Lahore
Name of publisher Nazeer Sons
Year of publication 0000
300 ## - PHYSICAL DESCRIPTION
Number of Pages 48p
500 ## - GENERAL NOTE
General note includes index and biblioraphy
505 2# - FORMATTED CONTENTS NOTE
Formatted contents note Notes and References, Bibliography, Index
650 ## - SUBJECT ADDED ENTRY--TOPICAL TERM
Topical Term Urdu-Poetry-baba Tahir
942 ## - ADDED ENTRY ELEMENTS (KOHA)
Koha item type Books
700 1# -
-- Ahmed, Malik Nazeer
Holdings
Collection code Home library Current library Date acquired Cost, normal purchase price Full call number Accession Number Koha item type
  Henry Martyn Institute Library Henry Martyn Institute Library 06/18/2007 0.75 891.41 AHM1 09400 Books
                   Copyright © 2026 | Henry Martyn Institute | Hyderabad | TS-500052 | INDIA | Implemented by hmi.edu.in
Hit-Count:

Powered by Koha